000 00847nmc a2200289 a 4500
003 AR-BaBNM
005 20251128204302.0
008 047019s1965 ||||||||||||||000 | spa||
040 _cAR-BaBNM
100 0 _aAlain
_d1868-1951
245 1 0 _aConceptos sobre educación
250 _a2ª ed.
260 _aBuenos Aires
_bKapelusz
_c1965
300 1 _avii, 175 p.
490 0 _aBiblioteca de cultura pedagógica
504 _aContiene referencias bibliográficas en notas a pie de página
650 4 _aTEORIAS DE LA EDUCACION
650 4 _aFILOSOFIA DE LA EDUCACION
650 4 _aPEDAGOGIA
650 4 _aEXAMENES
650 4 _aRELACION ALUMNO-DOCENTE
650 4 _aCALIFICACIONES DEL DOCENTE
700 1 _aGuillén de Rezzano, Clotilde
_eprologuista
700 1 _aPrevettoni, Delia E.
_etraductor
942 _cBK
998 _cSILVI
999 _c6858
_d6858